| 000 | 00634nam a2200241 a 4500 | ||
|---|---|---|---|
| 001 | 0001-1249 | ||
| 003 | ELIB.Books | ||
| 008 | 150604 2010 eng | ||
| 020 | _a155615175 | ||
| 035 | _a(ELIB.Books)0001-1404 | ||
| 092 |
_a241 _bOma |
||
| 100 | _aOmartian, Stormie. | ||
| 245 | _aCan I Afford Time for Friendships? | ||
| 260 |
_aMinneapolis _bBethany House Publishers _c1994 |
||
| 300 |
_a186 _c21 Cm |
||
| 500 | _aLibrary | ||
| 650 | _aChristian Ethics | ||
| 856 |
_nKBTS: Library _uKBTS: Elib |
||
| 942 |
_2ddc _cBK |
||
| 990 | _a1 | ||
| 998 |
_cbat _e2015-06-04 _mcat _u2018-11-15 |
||
| 999 |
_c11249 _d11249 |
||